000 00364nam a2200145Ia 4500
008 230917s9999||||xx |||||||||||||| ||und||
040 _e214895
_aMAIN
041 _aEnglish
082 _a005.5 W541M
100 _aWeverka, Peter
245 0 _aMicrosoft office 2013 for dummies
260 _aNew Delhi
_bWiley India
_c2013
300 _axxx, 782 p.
942 _cBK
999 _c177148
_d177148